[Event "Titled Tue 3rd Jun Early"]
[Site "chess.com INT"]
[Date "2025.06.03"]
[Round "5"]
[White "Skiadopoulos, Nikolaos"]
[Black "Berikkyzy Alanna"]
[Result "0-1"]
[WhiteTitle "CM"]
[BlackTitle "WFM"]
[WhiteElo "1882"]
[BlackElo "2104"]
[WhiteFideId "4200772"]
[BlackFideId "13780719"]
[EventDate "2025.06.03"]

1. e4 c5 2. d4 cxd4 3. c3 dxc3 4. Bc4 Nc6 5. Nf3 e6 6. Nxc3 Bb4 7. O-O Nge7 8.
Nd5 O-O 9. Nxb4 Nxb4 10. Qd6 Nbc6 11. b4 a6 12. a4 Ng6 13. Be3 Qe7 14. Bc5 b6
15. Qxe7 Ngxe7 16. Bxb6 Nxb4 17. Bc5 Nbc6 18. Bd5 exd5 19. exd5 d6 20. Bxd6 Rd8
21. Bc7 Rxd5 22. Rfe1 Be6 23. h4 Nd4 24. Ng5 Nc2 25. Nxe6 Nxa1 26. Nf4 Rd7 27.
Be5 Nb3 28. Nh5 f6 29. Bb2 Rad8 30. Kh2 Ng6 31. Bxf6 gxf6 32. Nxf6+ Kg7 33. Nxd7
Rxd7 34. h5 Nf4 35. g3 Nxh5 36. Re6 a5 37. Re5 Nf6 38. Rb5 Rd3 39. Kg2 Kf7 40.
Rf5 Ke6 41. Rf4 Nd5 42. Rh4 Nf6 43. Rf4 Rd4 44. Rf3 Rb4 45. Re3+ Kf7 0-1

[Event "Titled Tue 3rd Jun Early"]
[Site "chess.com INT"]
[Date "2025.06.03"]
[Round "5"]
[White "Ivashentseva, Dominika"]
[Black "Tursunalieva, Nurelina"]
[Result "1-0"]
[WhiteTitle "WCM"]
[BlackTitle "WCM"]
[WhiteElo "1921"]
[BlackElo "1810"]
[WhiteFideId "34331050"]
[BlackFideId "13817329"]
[EventDate "2025.06.03"]

1. d4 Nf6 2. c4 g6 3. Nf3 Bg7 4. g3 d6 5. Bg2 O-O 6. O-O Nbd7 7. Nc3 e5 8. dxe5
dxe5 9. Qc2 Qe7 10. Bg5 h6 11. Nd5 Qd8 12. Bxf6 Nxf6 13. Rad1 Nxd5 14. Rxd5 Qe7
15. Rfd1 c6 16. Rd6 Bf5 17. e4 Be6 18. c5 Rfd8 19. b3 Rd7 20. Qd3 Rad8 21. h4 f5
22. exf5 Bxf5 23. Qc4+ Kh7 24. g4 e4 25. gxf5 exf3 26. fxg6+ Kh8 27. Rxd7 Rxd7
28. Rxd7 Qxd7 29. Bxf3 Qf5 30. Qf7 Qxf7 31. gxf7 Bf8 32. b4 Kg7 33. Bh5 Kf6 34.
Kg2 b6 35. cxb6 axb6 36. a3 Ke5 37. Kg3 Kd4 38. Bf3 c5 39. bxc5 Kxc5 40. Kg4 Kb5
41. Bd1 Bxa3 42. Kf5 Bf8 43. Kg6 Kc5 44. Kh7 Kd6 45. Kg8 Ke7 46. Bb3 b5 47. f4
b4 48. f5 h5 49. f6+ Kxf6 50. Kxf8 Ke5 51. Ke8 Kd4 52. f8=Q Kc3 53. Qf7 Kb2 54.
Qc4 Ka3 55. Bd1 Kb2 56. Qb3+ Kc1 57. Qc2# 1-0

[Event "Titled Tue 3rd Jun Early"]
[Site "chess.com INT"]
[Date "2025.06.03"]
[Round "5"]
[White "Aradhya, Garg"]
[Black "Abdsattar, Alisher"]
[Result "1-0"]
[WhiteTitle "IM"]
[BlackTitle "CM"]
[WhiteElo "2383"]
[BlackElo "2030"]
[WhiteFideId "25006746"]
[BlackFideId "13749358"]
[EventDate "2025.06.03"]

1. d4 Nf6 2. c4 g6 3. g3 c5 4. dxc5 Qa5+ 5. Nc3 Bg7 6. Bg2 Qxc5 7. e4 O-O 8. Be3
Qxc4 9. Rc1 Qe6 10. Nh3 d6 11. Nf4 Qd7 12. O-O Nc6 13. h3 Qd8 14. a3 Bd7 15. b4
Rc8 16. Qe2 e5 17. Nfd5 Nxd5 18. Nxd5 Be6 19. Qb5 Qd7 20. Kh2 Rfe8 21. Rc3 a6
22. Qd3 Bxd5 23. Qxd5 Nxb4 24. Qb3 Rxc3 25. Qxc3 Nc6 26. Rb1 Nd4 27. Qb4 b5 28.
Rc1 Rc8 29. Rxc8+ Qxc8 30. Qxd6 Nc2 31. Bd2 h5 32. h4 Nd4 33. Bh3 Qc2 34. Be3
Qd1 35. Qxa6 Ne2 36. Kg2 Qg1+ 37. Kf3 Nc3 38. Qc8+ Kh7 39. Qxc3 Qh1+ 40. Ke2
Qxh3 41. Qb3 Qd7 42. Qd5 Qxd5 43. exd5 Bf8 44. Bc1 Kg7 45. Kd3 Kf6 46. Ke4 Bc5
47. Bg5+ Kg7 48. Kxe5 Bxa3 49. d6 Bb2+ 50. Kd5 f6 51. d7 1-0

[Event "Titled Tue 3rd Jun Early"]
[Site "chess.com INT"]
[Date "2025.06.03"]
[Round "5"]
[White "Ahmad, Khagan"]
[Black "Deac, Bogdan-Daniel"]
[Result "0-1"]
[WhiteTitle "IM"]
[BlackTitle "GM"]
[WhiteElo "2405"]
[BlackElo "2668"]
[WhiteFideId "13431552"]
[BlackFideId "1226380"]
[EventDate "2025.06.03"]

1. d4 d5 2. Nf3 Nf6 3. c4 e6 4. Nc3 c6 5. Bg5 h6 6. Bxf6 Qxf6 7. e3 g6 8. Be2
Bg7 9. e4 dxe4 10. Nxe4 Qf4 11. Qc2 f5 12. Nc3 O-O 13. Rd1 c5 14. d5 Qc7 15. O-O
Na6 16. d6 Qf7 17. Qd2 Bd7 18. Qe3 Qf6 19. Rfe1 b6 20. Bf1 Nb4 21. Ne5 Qxe5 22.
Qxe5 Bxe5 23. Rxe5 Rad8 24. f4 Kf7 25. g3 g5 26. Bg2 gxf4 27. gxf4 Rg8 28. Ne2
Bc6 29. Rd2 Rxg2+ 30. Kf1 Rxh2 31. a3 Na6 32. Ke1 Nb8 33. b4 Nd7 34. Re3 Rg8 35.
Kd1 Rgg2 36. b5 Be4 37. Kc1 h5 38. a4 h4 39. a5 h3 40. axb6 axb6 41. Ra3 Rxe2
42. Rxe2 Rxe2 43. Rxh3 Rc2+ 44. Kd1 Nf6 45. Ra3 Rxc4 46. Ra7+ Kg6 47. Ke2 Rd4
48. Ra1 Rxd6 49. Rg1+ Kf7 50. Ra1 Bd3+ 51. Ke3 Bxb5 52. Ra7+ Bd7 53. Kf2 Nd5 54.
Ra8 Nxf4 55. Rh8 Nd5 56. Rh7+ Kf6 57. Rh1 Ke5 58. Re1+ Kf6 59. Rh1 Ne7 60. Rh6+
Ng6 61. Rh7 e5 62. Ke3 f4+ 63. Ke4 Bc6# 0-1

[Event "Titled Tue 3rd Jun Early"]
[Site "chess.com INT"]
[Date "2025.06.03"]
[Round "5"]
[White "Pribelszky, Bence"]
[Black "Injac, Teodora"]
[Result "0-1"]
[WhiteTitle "IM"]
[BlackTitle "IM"]
[WhiteElo "2400"]
[BlackElo "2474"]
[WhiteFideId "769738"]
[BlackFideId "932400"]
[EventDate "2025.06.03"]

1. Nf3 Nf6 2. d4 g6 3. Bg5 Bg7 4. Nc3 d5 5. Qd2 h6 6. Bf4 c6 7. h4 Nbd7 8. e3 b5
9. Bd3 b4 10. Na4 a5 11. a3 bxa3 12. Rxa3 O-O 13. O-O Ba6 14. Rfa1 Ne4 15. Bxe4
dxe4 16. Ne1 Bb5 17. Bg3 e5 18. d5 Nb6 19. Nxb6 Qxb6 20. Rxa5 Rad8 21. d6 c5 22.
f3 Qc6 23. fxe4 Rxd6 24. Qc3 Be2 25. Rxc5 Qxe4 26. Bxe5 Bxe5 27. Rxe5 Qg4 28.
Qc5 Rf6 29. Nd3 Qxh4 30. Qxf8+ Kxf8 31. Ra8+ Kg7 32. Ree8 Re6 33. Rg8+ Kf6 34.
Nf4 Rxe3 35. Nd5+ Kg5 36. Nxe3 Qe1+ 37. Kh2 Qh4+ 38. Kg1 Qe1+ 39. Kh2 Bg4 40.
Nxg4 Qh4+ 41. Kg1 Qxg4 42. Ra5+ f5 43. Rc8 Qd1+ 44. Kh2 Qh5+ 45. Kg1 Qd1+ 46.
Kh2 Qd6+ 47. g3 Qb6 48. Kh3 Qxa5 49. Rc3 Qb4 50. Rb3 Qg4+ 51. Kg2 Qe2+ 52. Kh3
Qxc2 53. Rc3 Qd1 54. Rc6 Qh1# 0-1

[Event "Titled Tue 3rd Jun Early"]
[Site "chess.com INT"]
[Date "2025.06.03"]
[Round "5"]
[White "Jovic, Stanoje"]
[Black "Miranda Camus, Joaquin Ignacio"]
[Result "1-0"]
[WhiteTitle "FM"]
[BlackTitle "FM"]
[WhiteElo "2096"]
[BlackElo "2196"]
[WhiteFideId "905020"]
[BlackFideId "3449300"]
[EventDate "2025.06.03"]

1. c4 c6 2. e4 d5 3. exd5 cxd5 4. cxd5 Nf6 5. Qa4+ Nbd7 6. Bc4 g6 7. d3 Bg7 8.
Nc3 O-O 9. Nf3 a6 10. Qa3 b6 11. O-O Bb7 12. Re1 b5 13. Bb3 Re8 14. Bg5 Nb6 15.
d6 Qxd6 16. Qxd6 exd6 17. Rxe8+ Rxe8 18. Re1 Bxf3 19. Rxe8+ Nxe8 20. gxf3 h6 21.
Be3 Nd7 22. d4 Nc7 23. Kf1 Kf8 24. Ke2 f5 25. Kd3 g5 26. f4 Bf6 27. a4 b4 28.
Nd5 Nxd5 29. Bxd5 Ke7 30. a5 g4 31. Kc4 h5 32. Kxb4 h4 33. Kc4 h3 34. b4 Nb8 35.
b5 Kd7 36. Bb7 axb5+ 37. Kxb5 Kc7 38. Bd5 Bh4 39. a6 Nd7 40. a7 Nb6 41. Be6 g3
42. fxg3 Bxg3 43. Bxf5 Bxh2 44. Bxh3 d5 45. Ka6 Bg3 46. Be6 Bh2 47. Bxd5 Nxd5
48. a8=Q Nb4+ 49. Kb5 Nc2 50. Qc6+ Kd8 51. Qxc2 Bg1 52. Qh7 Ke8 53. Kc6 Bh2 54.
Kd6 Kf8 55. Ke6 Bxf4 56. Qf7# 1-0

[Event "Titled Tue 3rd Jun Early"]
[Site "chess.com INT"]
[Date "2025.06.03"]
[Round "5"]
[White "Levitan, Judah Nathan"]
[Black "Piddubna, Bozhena"]
[Result "1-0"]
[WhiteTitle "CM"]
[BlackTitle "WFM"]
[WhiteElo "2127"]
[BlackElo "2174"]
[WhiteFideId "14332639"]
[BlackFideId "34109293"]
[EventDate "2025.06.03"]

1. e4 e5 2. Nf3 Nc6 3. Bb5 a6 4. Ba4 Nf6 5. Qe2 b5 6. Bb3 Be7 7. c3 d6 8. O-O
O-O 9. Rd1 Bg4 10. h3 Bh5 11. d3 Re8 12. Nbd2 Bf8 13. Nf1 d5 14. Ng3 Bg6 15. Bg5
d4 16. cxd4 Nxd4 17. Nxd4 Qxd4 18. Bxf6 gxf6 19. Qf3 Qxb2 20. Qxf6 Bg7 21. Qg5
Kh8 22. Nf5 Bxf5 23. exf5 f6 24. Qh5 Red8 25. Rac1 Rd7 26. Be6 Re7 27. g4 Rd8
28. Kg2 a5 29. h4 a4 30. g5 b4 31. Rc4 b3 32. axb3 a3 33. Ra4 c5 34. Qf3 Rb8 35.
h5 Ree8 36. h6 Bf8 37. gxf6 Bxh6 38. Qh5 Rg8+ 39. Kh1 Qxf2 40. Bxg8 Rxg8 41. Qh3
Bf4 42. Rf1 Qe2 43. Ra7 h5 44. Rf7 a2 45. Rg7 a1=Q 46. Rxg8+ Kxg8 47. Rxa1 Kf7
48. Ra7+ Kxf6 49. Qh4+ Kxf5 50. Rf7+ Ke6 51. Qe7+ Kd5 52. Qd7# 1-0

[Event "Titled Tue 3rd Jun Early"]
[Site "chess.com INT"]
[Date "2025.06.03"]
[Round "5"]
[White "Swara Lakshmi S Nair"]
[Black "Chaulagain, Purusottam"]
[Result "1-0"]
[WhiteTitle "WCM"]
[BlackTitle "CM"]
[WhiteElo "2178"]
[BlackElo "1898"]
[WhiteFideId "25629239"]
[BlackFideId "12300730"]
[EventDate "2025.06.03"]

1. e4 d5 2. exd5 Qxd5 3. Nf3 Nf6 4. d4 Bf5 5. Be2 e6 6. O-O Nc6 7. Be3 Be7 8. c4
Qd7 9. Nc3 O-O 10. h3 Rad8 11. a3 Ne4 12. Qb3 Na5 13. Qa2 Nxc3 14. bxc3 c5 15.
Rfd1 Qc7 16. d5 Bf6 17. Rac1 exd5 18. cxd5 c4 19. Nd4 Rxd5 20. Bf3 Rc5 21. Nxf5
Rxf5 22. Bg4 Rb5 23. Be2 Rb3 24. Rd5 b6 25. Bd4 Bxd4 26. cxd4 Qc6 27. Re5 Qa4
28. Bd1 Qxa3 29. Bxb3 Qxb3 30. Qe2 Nc6 31. Re8 Nxd4 32. Rxf8+ Kxf8 33. Qxc4 Qxc4
34. Rxc4 Nb3 35. Rc8+ Ke7 36. Rc7+ Kf6 37. Rxa7 h5 38. Rb7 Nd4 39. Rxb6+ Kf5 40.
Rb7 f6 41. Rxg7 Kf4 42. g3+ Kf3 43. Rf7 f5 44. Kf1 Ke4 45. Rh7 Nf3 46. Rxh5 Nd2+
47. Ke2 Nf3 48. Rh8 Ng1+ 49. Kf1 Nf3 50. Re8+ Ne5 51. h4 Kd5 52. h5 Ng4 53. f3
Nf6 54. Rd8+ Ke6 55. h6 Kf7 56. Kf2 Kg6 57. Rd6 Kf7 58. Ke3 Ng8 59. h7 1-0

[Event "Titled Tue 3rd Jun Early"]
[Site "chess.com INT"]
[Date "2025.06.03"]
[Round "5"]
[White "Aronian, Levon"]
[Black "Gharibyan, Mamikon"]
[Result "1-0"]
[WhiteTitle "GM"]
[BlackTitle "GM"]
[WhiteElo "2747"]
[BlackElo "2472"]
[WhiteFideId "13300474"]
[BlackFideId "13308300"]
[EventDate "2025.06.03"]

1. c4 e6 2. Nf3 d5 3. e3 Nf6 4. b3 Bd6 5. Be2 O-O 6. O-O c5 7. cxd5 exd5 8. d4
b6 9. Bb2 Bb7 10. Nc3 Nbd7 11. Nb5 Be7 12. Rc1 Re8 13. Bd3 a6 14. Nc3 Nf8 15.
Ne2 Ne6 16. Bf5 Bf8 17. Rc2 a5 18. Rd2 Ba6 19. dxc5 bxc5 20. Re1 Nc7 21. Nf4 Bd6
22. g3 a4 23. Bh3 axb3 24. axb3 Bb7 25. Bg2 d4 26. exd4 Bxf4 27. gxf4 Rxe1+ 28.
Qxe1 cxd4 29. Bxd4 Ne6 30. Be5 Qf8 31. Nd4 Bxg2 32. Nxe6 fxe6 33. Kxg2 Nd5 34.
Qe4 Ra7 35. Rc2 Rb7 36. f5 Qxf5 37. Qxf5 exf5 38. Rc5 Ne7 39. Bd6 Kf7 40. Re5 g6
41. Bxe7 Rxe7 42. Rxe7+ Kxe7 43. Kg3 Kd6 44. Kf4 h6 45. h4 Kc5 46. h5 gxh5 47.
Kxf5 Kb4 48. f4 Kxb3 49. Ke4 Kc4 50. f5 h4 51. f6 h3 52. Kf3 Kd5 53. f7 h2 54.
Kg2 Ke6 55. f8=Q 1-0

[Event "Titled Tue 3rd Jun Early"]
[Site "chess.com INT"]
[Date "2025.06.03"]
[Round "5"]
[White "Sanal, Vahap"]
[Black "Csonka, Balazs"]
[Result "1/2-1/2"]
[WhiteTitle "GM"]
[BlackTitle "IM"]
[WhiteElo "2555"]
[BlackElo "2469"]
[WhiteFideId "6300545"]
[BlackFideId "742910"]
[EventDate "2025.06.03"]

1. e4 e5 2. Nf3 Nf6 3. Nxe5 Nxe4 4. Qe2 Qe7 5. Qxe4 d6 6. d4 dxe5 7. dxe5 Nc6 8.
Nc3 Qxe5 9. Qxe5+ Nxe5 10. Bf4 Bd6 11. Bg3 h5 12. h4 Bg4 13. Ne4 O-O-O 14. f3
Bf5 15. Nxd6+ Rxd6 16. Kf2 f6 17. Bxe5 fxe5 18. Re1 Rd2+ 19. Kg3 Re8 20. Bb5 c6
21. Re2 Rxe2 22. Bxe2 Bxc2 23. b4 Bf5 24. Rc1 Kc7 25. b5 Rd8 26. bxc6 bxc6 27.
Bb5 Rd6 28. Rc5 g6 29. Bc4 e4 30. fxe4 Bxe4 31. Re5 Bd5 32. Re7+ Kb6 33. Bxd5
cxd5 34. Kf4 d4 35. Re1 d3 36. Ke3 d2 37. Rd1 Kc5 38. Rxd2 Rxd2 39. Kxd2 Kd4 40.
g3 Ke4 41. Ke2 a6 42. a4 a5 43. Kf2 Kd4 44. g4 Kc4 45. gxh5 gxh5 46. Ke3 Kb4 47.
Kd4 Kxa4 48. Kc4 Ka3 49. Kc3 a4 50. Kc2 Kb4 51. Kb2 Kc4 52. Ka3 Kd4 53. Kxa4 Ke4
54. Kb4 Kf4 55. Kc3 Kg4 56. Kd2 Kxh4 57. Ke2 Kg3 58. Kf1 Kh2 59. Kf2 h4 60. Kf1
h3 61. Kf2 Kh1 62. Kf1 h2 63. Kf2 1/2-1/2

[Event "Titled Tue 3rd Jun Early"]
[Site "chess.com INT"]
[Date "2025.06.03"]
[Round "5"]
[White "Tyukhanov, Alexey"]
[Black "Perry, Patrick"]
[Result "1-0"]
[WhiteTitle "CM"]
[WhiteElo "2218"]
[BlackElo "2296"]
[WhiteFideId "24149829"]
[BlackFideId "30917727"]
[EventDate "2025.06.03"]

1. e4 Nf6 2. e5 Nd5 3. Nc3 Nxc3 4. bxc3 Nc6 5. Nf3 d6 6. exd6 Qxd6 7. d4 Bg4 8.
Be2 e6 9. Rb1 b6 10. Ne5 Bxe2 11. Qxe2 Nxe5 12. dxe5 Qc5 13. O-O Be7 14. Qg4
Qxe5 15. Bf4 Qf6 16. Bxc7 O-O 17. Rfe1 Rac8 18. Be5 Qg6 19. Qa4 Bc5 20. Rbd1 f6
21. Bd4 e5 22. Bxc5 Rxc5 23. Qxa7 Rxc3 24. Qxb6 Rxc2 25. Ra1 Qf5 26. a4 Rfc8 27.
a5 R2c6 28. Qb3+ Qe6 29. Qb4 h5 30. h3 Ra8 31. Re3 Rc4 32. Qb5 Qc6 33. Qb3 Kh7
34. Qb1+ g6 35. Rb3 Ra7 36. Rb6 Qc5 37. Rxf6 Rg7 38. a6 Rf4 39. Rxf4 exf4 40.
Qe4 Rf7 41. Qf3 Kh6 42. Qa3 Qa7 43. Qa4 f3 44. g3 Kh7 45. Qe4 Qb6 46. Qe3 Qb2
47. Qa3 Qb8 48. a7 Qa8 49. Qa4 Kg7 50. h4 Kh7 51. Kh2 Kg7 52. Qa3 Kh7 53. Ra2
Kg7 54. Qa5 Kh7 55. Ra1 Kg7 56. Qa2 Kh7 57. Qxf7+ Kh6 58. Qf4+ Kh7 59. Qb8 Qe4
60. a8=Q Qe2 61. Qh8# 1-0

[Event "Titled Tue 3rd Jun Early"]
[Site "chess.com INT"]
[Date "2025.06.03"]
[Round "5"]
[White "Skliarov, Viktor"]
[Black "Palmer, Reegan"]
[Result "1-0"]
[WhiteTitle "IM"]
[BlackTitle "CM"]
[WhiteElo "2334"]
[BlackElo "2057"]
[WhiteFideId "14106736"]
[BlackFideId "14322145"]
[EventDate "2025.06.03"]

1. e4 c5 2. Nf3 d6 3. d4 cxd4 4. Qxd4 Nf6 5. Nc3 Nc6 6. Bb5 Bd7 7. Bxc6 Bxc6 8.
Bg5 e6 9. O-O-O Be7 10. Rhe1 Qa5 11. Kb1 Rd8 12. Qd2 Qc7 13. Nd4 h6 14. Bh4 O-O
15. f3 Nxe4 16. Rxe4 Bxe4 17. Bxe7 Qxe7 18. fxe4 a6 19. Nf3 b5 20. g4 Qb7 21.
Qd3 b4 22. Ne2 d5 23. e5 f5 24. gxf5 Rxf5 25. Ned4 Rf7 26. Nxe6 Re8 27. Nfd4
Rfe7 28. b3 Rxe6 29. Nxe6 Rxe6 30. Qxd5 Qxd5 31. Rxd5 Kf7 32. Rd7+ Kg6 33. Rb7
a5 34. Rb5 Kf5 35. Rxa5 Rxe5 36. Ra7 g5 37. Rb7 Re4 38. Kb2 h5 39. a3 bxa3+ 40.
Kxa3 g4 41. c4 h4 42. c5 Ke6 43. b4 Kd5 44. Ka4 Kc6 45. Rb6+ Kc7 46. Rg6 Re2 47.
Rxg4 Rxh2 48. Kb5 h3 49. Rg7+ Kd8 50. Rh7 Rh1 51. Kc6 h2 52. b5 Ke8 53. b6 Kd8
54. b7 Rb1 55. Rxh2 Ke7 56. Rh8 Rh1 57. b8=Q Rxh8 58. Qxh8 Ke6 59. Qd4 Ke7 60.
Qd6+ 1-0

[Event "Titled Tue 3rd Jun Early"]
[Site "chess.com INT"]
[Date "2025.06.03"]
[Round "5"]
[White "Herrera Ortiz, Miguel"]
[Black "Lissillour, Baptiste"]
[Result "1-0"]
[WhiteTitle "IM"]
[BlackTitle "FM"]
[WhiteElo "2174"]
[BlackElo "2318"]
[WhiteFideId "5100550"]
[BlackFideId "45179620"]
[EventDate "2025.06.03"]

1. e4 d6 2. d4 Nf6 3. Nc3 e5 4. Nf3 Nbd7 5. Bc4 Be7 6. O-O O-O 7. Re1 h6 8. a4
Re8 9. Ba2 Bf8 10. h3 b6 11. d5 Bb7 12. Nh2 c6 13. dxc6 Bxc6 14. Ng4 Nxg4 15.
Qxg4 Nf6 16. Qg3 Nh5 17. Qf3 Nf6 18. Qg3 Nh5 19. Qf3 Nf6 20. Be3 Qc8 21. Bxh6
Qb7 22. Bg5 Nh7 23. Bh4 Rac8 24. Nd5 Bxd5 25. Bxd5 Qd7 26. c3 Rc7 27. a5 Kh8 28.
axb6 axb6 29. Ra3 Be7 30. Qg3 Bxh4 31. Qxh4 Kg8 32. Rea1 Nf6 33. Ra8 Nxd5 34.
Rxe8+ Qxe8 35. exd5 f6 36. Qb4 Qd7 37. Qxb6 Rb7 38. Qc6 Qxc6 39. dxc6 Rc7 40.
Ra6 Kf7 41. b4 Ke6 42. b5 Kd5 43. Ra4 Kc5 44. c4 d5 45. cxd5 Kxb5 46. Ra1 Kc5
47. Rd1 Rc8 48. Kf1 f5 49. Ke2 g5 50. g4 f4 51. Kf3 Kd6 52. Ke4 Rh8 53. Kf5 Rxh3
54. Kxg5 Rf3 55. Rd2 e4 56. Rc2 Kc7 57. d6+ Kxd6 58. c7 Rxf2 59. Rxf2 Kxc7 60.
Rxf4 1-0

[Event "Titled Tue 3rd Jun Early"]
[Site "chess.com INT"]
[Date "2025.06.03"]
[Round "5"]
[White "Hovakimyan, Vache"]
[Black "Gadzhiev, Ruslan"]
[Result "0-1"]
[WhiteTitle "FM"]
[BlackTitle "CM"]
[WhiteElo "2282"]
[BlackElo "2169"]
[WhiteFideId "13317288"]
[BlackFideId "55671926"]
[EventDate "2025.06.03"]

1. d4 d5 2. c4 e6 3. Nc3 Nf6 4. cxd5 exd5 5. Bg5 Be7 6. e3 c6 7. Bd3 Nbd7 8. Nf3
O-O 9. O-O Re8 10. Qc2 Nf8 11. h3 h6 12. Bf4 Bd6 13. Ne5 Qe7 14. Bh2 c5 15. f4
Ne6 16. Ne2 b6 17. Bb5 Rf8 18. Ng3 cxd4 19. Nf5 Qc7 20. Qxc7 Bxc7 21. exd4 g6
22. Nxh6+ Kg7 23. Nhg4 Nxg4 24. hxg4 Nxd4 25. Bd3 Bxe5 26. fxe5 Bxg4 27. Rf4
Ne2+ 28. Bxe2 Bxe2 29. Rd4 Rac8 30. Rxd5 Rc2 31. Rd7 Bg4 32. Rxa7 Be6 33. Rf1
Rd8 34. Bg3 Rxb2 35. Rf2 Rd1+ 36. Kh2 Rbb1 37. Bh4 Rh1+ 38. Kg3 g5 39. Bxg5 Rbd1
40. Bf6+ Kg6 41. Ra8 Rd3+ 42. Rf3 Rxf3+ 43. gxf3 Rb1 44. Rg8+ Kh7 45. Rg7+ Kh6
46. Kh4 Rh1+ 47. Kg3 Rg1+ 48. Kf4 Rxg7 49. Bxg7+ Kxg7 50. Kg5 Bxa2 51. f4 b5 52.
f5 b4 53. e6 fxe6 54. f6+ Kf7 55. Kf4 b3 56. Ke4 b2 0-1

[Event "Titled Tue 3rd Jun Early"]
[Site "chess.com INT"]
[Date "2025.06.03"]
[Round "5"]
[White "Dogan, Umut Anil"]
[Black "Jiganchine, Roman"]
[Result "1-0"]
[WhiteTitle "CM"]
[BlackTitle "CM"]
[WhiteElo "2123"]
[BlackElo "2205"]
[WhiteFideId "51618060"]
[BlackFideId "2603667"]
[EventDate "2025.06.03"]

1. Nf3 d5 2. c4 e6 3. g3 Nf6 4. Bg2 Bd6 5. O-O O-O 6. Qc2 Nc6 7. d4 h6 8. Nbd2
Re8 9. e4 dxe4 10. Nxe4 Nxe4 11. Qxe4 e5 12. d5 f5 13. Qc2 Nb4 14. Qc3 e4 15.
Ne1 a5 16. Be3 c5 17. dxc6 Nxc6 18. Rd1 Qe7 19. c5 Be5 20. Qb3+ Be6 21. Qb5 Red8
22. Nc2 Rxd1 23. Rxd1 Rd8 24. Re1 Kh8 25. a3 Qd7 26. Bf1 Bf6 27. Bc4 Bxc4 28.
Qxc4 Qd3 29. Qxd3 exd3 30. Na1 Bxb2 31. a4 Bc3 32. Rd1 d2 33. Nb3 Nb4 34. Bxd2
Rd3 35. Kf1 Bxd2 36. Nxd2 Na2 37. Ke2 Rd4 38. Ra1 Nc3+ 39. Ke3 Rxa4 40. Rc1 Nd5+
41. Kd3 Rb4 42. Nc4 a4 43. Ra1 Rb3+ 44. Kd4 Nb4 45. Rxa4 Nc6+ 46. Kd5 Rd3+ 47.
Ke6 Rf3 48. Nd6 Rxf2 49. Ra8+ Kh7 50. Nxb7 Re2+ 51. Kd5 Nb4+ 52. Kc4 Nc2 53. c6
Ne3+ 54. Kd3 Re1 55. Kd2 1-0

[Event "Titled Tue 3rd Jun Early"]
[Site "chess.com INT"]
[Date "2025.06.03"]
[Round "5"]
[White "Beerdsen, Thomas"]
[Black "Bok, Benjamin"]
[Result "1/2-1/2"]
[WhiteTitle "GM"]
[BlackTitle "GM"]
[WhiteElo "2535"]
[BlackElo "2591"]
[WhiteFideId "1030108"]
[BlackFideId "1017063"]
[EventDate "2025.06.03"]

1. e4 c5 2. Nf3 d6 3. d4 cxd4 4. Nxd4 Nf6 5. Nc3 a6 6. f4 e5 7. Nf5 Qc7 8. g4
Nc6 9. Bg2 g6 10. Ne3 exf4 11. Ned5 Nxd5 12. Nxd5 Qd8 13. Bxf4 Bg7 14. O-O O-O
15. c3 Ne5 16. h3 Be6 17. Be3 Nc4 18. Bd4 Bxd5 19. Bxg7 Kxg7 20. Qd4+ Ne5 21.
exd5 Rc8 22. Rae1 f6 23. Kh2 Qa5 24. a3 Qc5 25. Qd2 Rce8 26. b4 Qc7 27. Re4 Re7
28. Ref4 Ref7 29. R1f2 b5 30. Bf1 Rc8 31. a4 Qxc3 32. Qxc3 Rxc3 33. axb5 axb5
34. Bxb5 Rb3 35. Bc6 Rb1 36. Rf1 Rb2+ 37. R1f2 Rb1 38. Kg3 Nd3 39. Rf1 Rxb4 40.
Rxb4 Nxb4 41. Rb1 Nd3 42. Rb8 Ra7 43. Rd8 Ra3 44. Rxd6 g5 45. Rd7+ Kg6 46. Re7
Nf4+ 47. Kf2 Nxh3+ 48. Kf1 Rd3 49. d6 Rxd6 50. Be4+ f5 51. Bxf5+ Kf6 52. Rxh7
Nf4 53. Rh6+ Ke5 54. Rxd6 Kxd6 55. Kf2 Ke5 56. Kf3 Nd5 57. Bc8 Kd4 58. Be6 Ne7
59. Bd7 Ng6 60. Bf5 Ne5+ 61. Kf2 Nc4 62. Kf3 Nd2+ 63. Ke2 Nb3 64. Kf3 Nc5 65.
Kf2 Nb7 66. Kf3 Nd6 67. Be6 Ke5 68. Bf5 Nxf5 69. gxf5 Kxf5 70. Kg3 g4 71. Kg2
Kf4 72. Kf2 g3+ 73. Kg2 Kg4 74. Kg1 Kf3 75. Kf1 g2+ 76. Kg1 Kg3 1/2-1/2

[Event "Titled Tue 3rd Jun Early"]
[Site "chess.com INT"]
[Date "2025.06.03"]
[Round "5"]
[White "Klekowski, Maciej"]
[Black "Sarana, Alexey"]
[Result "0-1"]
[WhiteTitle "GM"]
[BlackTitle "GM"]
[WhiteElo "2474"]
[BlackElo "2686"]
[WhiteFideId "1132717"]
[BlackFideId "24133795"]
[EventDate "2025.06.03"]

1. c4 e6 2. Nc3 d5 3. e3 Nf6 4. Nf3 Nbd7 5. b3 a6 6. Bb2 b6 7. g3 Bb7 8. Bg2 Bd6
9. O-O O-O 10. Qe2 Re8 11. d4 Qe7 12. Rfd1 Rad8 13. Nh4 g6 14. a4 Ne4 15. a5
Ndf6 16. axb6 cxb6 17. Na4 dxc4 18. bxc4 b5 19. cxb5 axb5 20. Qxb5 Rb8 21. Qe2
g5 22. Nf3 Ng4 23. Rf1 Rec8 24. Ne5 Bxe5 25. Qxg4 f5 26. Qe2 Bf6 27. Ba3 Qd7 28.
Nc5 Nxc5 29. Bxc5 Bxg2 30. Kxg2 g4 31. Kg1 h5 32. Rfb1 Qd5 33. Rxb8 Rxb8 34. Qa2
Qe4 35. Bd6 Rb6 36. Qa8+ Qxa8 37. Rxa8+ Kf7 38. Ra7+ Kg6 39. Bc5 Rb1+ 40. Kg2
Bg5 41. Ra6 Kf7 42. Ra3 h4 43. h3 hxg3 44. Kxg3 gxh3 45. Kxh3 Rb2 46. Kg3 Kg6
47. Ra6 Kh5 48. f4 Bh4+ 49. Kh3 Rf2 50. Rxe6 Rf3+ 51. Kg2 Rf2+ 52. Kg1 Kg4 53.
d5 Rc2 54. Bd4 Kh3 55. Kf1 Kg4 56. Rg6+ Kf3 57. Kg1 Bf2+ 58. Kh1 Bg3 0-1

[Event "Titled Tue 3rd Jun Early"]
[Site "chess.com INT"]
[Date "2025.06.03"]
[Round "5"]
[White "Tekeyev, Zaur"]
[Black "Logachiov, Aleksandr"]
[Result "0-1"]
[WhiteTitle "IM"]
[BlackTitle "CM"]
[WhiteElo "2417"]
[BlackElo "2129"]
[WhiteFideId "4199731"]
[BlackFideId "24123706"]
[EventDate "2025.06.03"]

1. e4 c5 2. Nf3 d6 3. Bb5+ Bd7 4. Bxd7+ Qxd7 5. O-O Nc6 6. c3 Nf6 7. Re1 g6 8.
d4 cxd4 9. cxd4 d5 10. e5 Ne4 11. Nbd2 Nxd2 12. Bxd2 Bg7 13. Rc1 O-O 14. h4 h6
15. Be3 Rac8 16. Qd2 Kh7 17. h5 Qf5 18. hxg6+ fxg6 19. Nh4 Qg4 20. g3 Rf7 21.
Kg2 Rcf8 22. Rh1 Qe4+ 23. Kg1 g5 24. f3 Rxf3 25. Nxf3 Rxf3 26. Bf2 Nxd4 27. Re1
Rxg3+ 28. Bxg3 Nf3+ 29. Kf2 Nxd2 30. Rxe4 Nxe4+ 31. Kf3 Nxg3 32. Kxg3 Bxe5+ 33.
Kg4 Kg6 34. b3 Bf6 35. Rh2 e5 36. Rd2 h5+ 37. Kf3 e4+ 38. Ke3 g4 39. Rxd5 h4 40.
Kxe4 h3 41. Rd2 Kg5 42. Re2 Kh4 43. Kf4 Bg5+ 44. Kf5 Bd8 45. Re4 h2 46. Rxg4+
Kh3 47. Rg8 h1=Q 48. Rh8+ Bh4 49. Rxh4+ Kxh4 50. Ke6 Qh3+ 51. Kd6 Qf3 52. Kc7
Qc6+ 53. Kb8 a6 54. Ka7 b5 0-1